It’s ok I’m ok - Tate McRae - All Lyrics - Statistics

General Stats
  • This quiz has been taken 347 times
  • The average score is 314 of 396
Answer Stats
Answer % Correct
I
96%
Mm
96%
(Mm)
96%
(Mmh,
96%
"Oh,
96%
Oh
96%
(Oh,
96%
oh,
96%
oh)
96%
uh
96%
Yeah,
96%
yeah)
96%
you
96%
You
96%
a
95%
it
95%
I'm
94%
(I'm
94%
(Hey)
93%
ok,
93%
ok
93%
(Ok)
93%
ok)
93%
yeah,
93%
yeah)
93%
(Yeah,
93%
go
91%
him
91%
him,
91%
him)
91%
It's
91%
(It's
91%
it's
91%
got
89%
so
89%
So,
89%
like
88%
like,
88%
(Way)
87%
(Way,
87%
way,
87%
way)
87%
anyway
85%
Anyway
85%
(Anyway)
85%
anyway,
85%
don't
85%
don't),
85%
don't)
85%
don't,
85%
He
85%
the
85%
be
84%
can
84%
have
83%
in
81%
"He's
78%
he's
78%
me
78%
perfect"
77%
Take
77%
take
77%
first
76%
place
76%
that
76%
that"
76%
say
74%
No,
73%
want
73%
she
71%
to
69%
had
68%
what
68%
excited
67%
"Fuck
67%
really
67%
girl,
64%
(Girl,
64%
See
64%
baby,
63%
his
63%
And
62%
and
62%
did
62%
gotta
62%
this
62%
found
61%
out
61%
version?"
61%
You're
61%
been
60%
down
60%
just
60%
now
60%
Now
60%
right
60%
there
60%
yours
60%
Before
58%
Good
57%
mother
57%
position
57%
get
56%
locked
55%
same
55%
movin'
53%
with
53%
near
52%
nobody
52%
close
50%
money,
50%
nervous"
49%
romantic
48%
(Romantic)
48%
twisted
48%
I've
46%
make
46%
miss
46%
ain't
45%
"Ain't
45%
such
42%
can't
41%
talker
41%
Was
36%
nothin'
35%
one-sided
34%
(Sided)
34%
pretty-faced
33%
could
32%
Some
31%
some
31%
long
25%
seein'
25%
flights
20%
months
19%
No matching quizzes found
Score Distribution
Percent of People with Each Score
Percentile by Number Answered
Your Score History
You have not taken this quiz